| 000 | 00565nam a22001937a 4500 | ||
|---|---|---|---|
| 005 | 20251108164916.0 | ||
| 008 | 250721s1983 xx 000 0 ara d | ||
| 082 | 1 | 4 | _a212/حسن |
| 100 | 1 | _aالحسن، محمد علي | |
| 245 | 1 | 0 | _aتفسير سورة النور / |
| 264 | 1 |
_aعمان : _bدار الأرقم، _c1983. |
|
| 300 | _a311ص | ||
| 650 | 1 | 7 | _aالقرآن الكريم |
| 650 | 1 | 7 | _aتفسير القرآن |
| 650 | 1 | 7 | _aسور القرآن |
| 700 | 1 | _aأبو علبه، عبد الرحيم فارس | |
| 942 |
_2ddc _cBK |
||
| 999 |
_c17189 _d17189 |
||